|
|
|
|
| LEADER |
01467cam a2200337 a 4500 |
| 001 |
c000406991 |
| 003 |
CARM |
| 005 |
20220608175306.0 |
| 008 |
220608s1994 vra 000 0 eng d |
| 019 |
1 |
|
|a 12211443
|
| 035 |
|
|
|a (OCoLC)153998274
|
| 040 |
|
|
|a VIT
|b eng
|c VIT
|
| 042 |
|
|
|a anuc
|
| 043 |
|
|
|a u-at-vi
|
| 082 |
0 |
4 |
|a 371.2914/09945
|2 21
|
| 100 |
1 |
|
|a Ling, Peter.
|
| 245 |
1 |
0 |
|a Transfer shock? :
|b a study od the experiences of former TAFE students transferring to higher education /
|c Peter Ling, Marcia Devlin.
|
| 260 |
|
|
|a Melbourne, Vic. :
|b EQARD, RMIT,
|c 1994.
|
| 300 |
|
|
|a 9 p. ;
|c 30 cm.
|
| 490 |
1 |
|
|a EQARD Occasional paper ;
|v 94.2
|
| 650 |
|
0 |
|a Transfer students
|x Education
|z Victoria.
|
| 650 |
|
0 |
|a Technical education
|z Victoria.
|
| 700 |
1 |
|
|a Devlin, Marcia.
|
| 710 |
2 |
|
|a Royal Melbourne Institute of Technology.
|b Educational Quality Assurance, Research and Development.
|
| 852 |
8 |
|
|b CARM
|i F11025
|p 0543321
|j no. 94.2
|f BK
|
| 852 |
8 |
|
|b SCAN
|h A3:AP05D0
|i F11025
|p 0543321
|f BK
|
| 852 |
8 |
|
|b SCAN
|h A3:AP05D0
|i F11025
|p 0543321
|f BK
|
| 830 |
|
0 |
|a Occasional paper (Royal Melbourne Institute of Technology. Educational Quality Assurance, Research and Development) ;
|v 94.2.
|
| 999 |
f |
f |
|i f57691cb-8287-58ee-b86e-33378dd29116
|s f23eb15f-2e80-5826-a63f-8fad0c824152
|
| 952 |
f |
f |
|p Can circulate
|a CAVAL
|b CAVAL
|c CAVAL
|d CARM 1 Store
|e F11025
|h Other scheme
|i book
|j no. 94.2
|m 0543321
|
| 952 |
f |
f |
|a CAVAL
|b CAVAL
|c CAVAL
|d Unmapped Location
|e F11025
|f A3:AP05D0
|h Other scheme
|